Pays Ayant accueilli le plus de Tournois Counter Strike - Statistiques

Statistiques générales
  • Ce quiz a été pris 98 fois
  • Le résultat moyen est 13 sur 16
Statistiques - réponses
Nombre
de tournois
Pays % Correct
5 France
99%
20 Allemagne
98%
40 Etats-Unis
98%
9 Chine
94%
11 Pologne
93%
4 Russie
93%
5 Bresil
90%
23 Suède
89%
16 Royaume-Uni
87%
5 Australie
79%
12 Ukraine
79%
15 Danemark
78%
8 Roumanie
71%
3 Serbie
45%
5 Malte
35%
4 Emirats Arabes Unis
33%
Aucun quiz correspondant
Distribution des résultats
% des personnes avec chaque résultat
Percentile par nombre de réponses
Votre historique - résultats
Vous n’avez pas pris ce quiz